Spot's windy day and other stories / (Record no. 111741)
[ view plain ]
| 000 -LEADER | |
|---|---|
| fixed length control field | 00589nam a2200193 a 4500 |
| 001 - CONTROL NUMBER | |
| control field | 1284 |
| 005 - DATE AND TIME OF LATEST TRANSACTION | |
| control field | 20140414131921.0 |
| 008 - FIXED-LENGTH DATA ELEMENTS--GENERAL INFORMATION | |
| fixed length control field | 041220s19uu xx 00 eng d |
| 020 ## - INTERNATIONAL STANDARD BOOK NUMBER | |
| International Standard Book Number | 0-448-42164-X |
| 050 ## - LIBRARY OF CONGRESS CALL NUMBER | |
| Classification number | ER |
| Item number | Sp6 1998 |
| 100 ## - MAIN ENTRY--PERSONAL NAME | |
| Personal name | Hill, Eric |
| 245 ## - TITLE STATEMENT | |
| Title | Spot's windy day and other stories / |
| Statement of responsibility, etc | Eric Hill. |
| 260 ## - PUBLICATION, DISTRIBUTION, ETC. (IMPRINT) | |
| Place of publication, distribution, etc | New York : |
| Name of publisher, distributor, etc | Grosset & Dunlap, |
| Date of publication, distribution, etc | 1998. |
| 300 ## - PHYSICAL DESCRIPTION | |
| Extent | 32 p. ; cm. |
| 520 ## - SUMMARY, ETC. | |
| Summary, etc | In three stories, Spot has fun flying his kite, following a great smell, and playing in the snow. |
| 650 ## - SUBJECT ADDED ENTRY--TOPICAL TERM | |
| Topical term or geographic name as entry element | Dogs |
| General subdivision | Fiction. |
| 650 ## - SUBJECT ADDED ENTRY--TOPICAL TERM | |
| Topical term or geographic name as entry element | Children stories. |
| Withdrawn status | Lost status | Damaged status | Use restrictions | Home library | Current library | Shelving location | Date acquired | Source of acquisition | Total Checkouts | Full call number | Barcode | Date last seen | Price effective from | Koha item type |
|---|---|---|---|---|---|---|---|---|---|---|---|---|---|---|
| Munich Library | Munich Library | Easy Reading Section | 12/20/2004 | ER Sp6 1998 | M2621 | 04/14/2014 | 04/14/2014 | Books |